000 00634nam a2200229Ia 4500
003 OSt
005 20220926014418.0
006 a|||||r|||| 00| 0
007 ta
008 220923b |||||||| |||| 00| 0 eng d
037 _cGeneral Book
040 _aRTL
_cRTL
_beng
041 _2eng
_aeng
082 _aX:86, L7
100 _aHajek Victor G.
_9320597
245 0 _aManagement of engineering projects
260 _aNew York
_bMcGraw Hill USA
_c1977
300 _axvi, 264p. Glossary p 250-57
_ccm.
650 _aTop Management
942 _hX:86, L7
_cGB
_2CC
999 _c628977
_d628977